000 00711nas a2200253 4500
001 BR7301870
003 BR-BrBNA
005 20231205082411.0
007 ta
008 230509b bl.|||p| |||| 00| 00por d
040 _aBR-BrBNA
_bpor
_cBiblioteca Nacional de Agricultura
041 _a(Pt)
072 _aQ20
100 1 _aLeitao, M.F. de F.
100 1 _aYokoya, F.
100 1 _aMenezes, T.J.B.
245 1 _aMicrobiologia do milho enlatado [Brasil]
650 _aMILHO
650 _aENLATADO
650 _aBACTERIA
773 0 _tColetanea do Instituto de Tecnologia de Alimentos (Brazil)
_x
_g(1967), v. 2 p. 233-242
_wBR7301870
909 _a202311
_bLúcia
_c55
_dLúcia Elande
942 _2AGRIS
_n0
_cANA
999 _c91479
_d91479